Logika pro studenty humanitních oborů

Saved in:
Bibliographic Details
Main Author: Sousedík, Prokop
Format: Book
Language:Czech
Published: Praha Vyšehrad 2001
Edition:2. rozš.
Subjects:
Tags: Add Tag
No Tags, Be the first to tag this record!

MARC

LEADER 00000nam a2200000 4500
001 c129693
005 20221124103418.0
020 |a 80-7021-509-7 
041 0 |a cze 
044 |a CZ 
245 1 0 |a Logika pro studenty humanitních oborů  |c Prokop Sousedík 
250 |a 2. rozš. 
264 1 |a Praha  |b Vyšehrad  |c 2001 
300 |a 222 s. 
610 2 0 |a logika 
610 2 0 |a logika matematická 
610 2 0 |a dejiny filozofie 
610 2 0 |a pojmy 
100 1 |a Sousedík, Prokop